Country Flags with a Rubik's Cube #4 - Statistics

General Stats
  • This quiz has been taken 133 times
  • The average score is 9 of 12
Answer Stats
Picture Answer % Correct
Switzerland
99%
Chad/Romania
91%
Ivory Coast
90%
Nigeria
88%
Luxembourg
87%
Lebanon
76%
Hungary
75%
Micronesia
72%
Surinam
72%
Benin
70%
Bolivia
62%
Myanmar
57%
No matching quizzes found
Score Distribution
Percent of People with Each Score
Percentile by Number Answered
Your Score History
You have not taken this quiz